Statistiques concernant Les plus grandes agglomérations de Belgique

Cliquez ici pour prendre le quiz!

Statistiques générales

  • Ce quiz a été pris 167 fois
  • Le résultat moyen est 8 sur 10

Statistiques - réponses

PlaceHabitantsNom% Correct
1.1 624 000Région de Bruxelles-Capitale
99%
2.1 200 000Agglomération de Anvers
98%
3.500 000Agglomération de Liège
97%
5.291 000Agglomération de Charleroi
90%
6.118 284Agglomération de Bruges
89%
4.302 000Agglomération de Gand
82%
7.110 939Agglomération de Namur
76%
9.95 299Agglomération de Mons
62%
8.101 396Agglomération de Louvain
57%
10.86 304Agglomération de Malines
35%

Distribution des résultats

Percentile par nombre de réponses

% des personnes avec chaque résultat

Votre développement - résultats

Vous n’avez pas pris ce quiz